| 000 | 00834cam a22002651 4500 | ||
|---|---|---|---|
| 001 | agr46000223 | ||
| 003 | DLC | ||
| 005 | 20260227111005.0 | ||
| 008 | 780715s1946 dcu b 000 0 eng | ||
| 010 | _aagr46000223 | ||
| 035 | _a(OCoLC)4054841 | ||
| 040 |
_aDLC _cOAk _dNcRS _dDLC |
||
| 042 | _apremarc | ||
| 050 | 0 | 0 |
_aHD9282.A3 _bU547 |
| 082 | _a338.1771 | ||
| 100 | 1 |
_aMcFarland, Carl, _d1904-1979. |
|
| 245 | 1 | 0 |
_aMilk marketing under federal control; _cintroduction by B. F. Castle text and compilations by Carl McFarland. |
| 260 |
_a[Washington] _bMilk industry foundation, _c1946. |
||
| 300 |
_avii, 205 p. _c24 cm. |
||
| 500 | _a"Privately printed."--Introd. | ||
| 504 | _a"References": p. 61-64. | ||
| 650 | 0 |
_aMilk trade _zUnited States. |
|
| 710 | 2 | _aMilk Industry Foundation (U.S.) | |
| 740 | 0 | _aFederal control. | |
| 999 |
_c10509 _d10509 |
||